[Event "Oberpfalz-ch M2"]
[Site "Regensburg"]
[Date "2006.04.09"]
[Round "4"]
[White "Boesl, Sebastian"]
[Black "Kiener, Norbert"]
[Result "1-0"]
[WhiteElo "1736"]
[BlackElo "1622"]
[PlyCount "73"]
[EventDate "2006.04.08"]
[EventType "swiss"]
[EventRounds "8"]
[EventCountry "GER"]
[SourceTitle "EXT 2022"]
[Source "ChessBase"]
[SourceDate "2021.10.06"]
[SourceVersion "1"]
[SourceVersionDate "2021.10.06"]
[SourceQuality "1"]

1. c4 c6 2. Nf3 Nf6 3. b3 d5 4. Bb2 Bf5 5. g3 e6 6. Bg2 Qb6 7. d3 Be7 8. Nbd2 Nbd7 9. 0-0 0-0-0 10. Rc1 h6 11. Ne5 Nxe5 12. Bxe5 Ne8 13. Nf3 f6 14. Bb2 d4 15. Qc2 e5 16. c5 Qc7 17. Nh4 Bh7 18. Qc4 Qd7 19. Qa4 Kb8 20. Ba3 g5 21. Nf3 Nc7 22. Bb4 Nd5 23. Nd2 Nxb4 24. Qxb4 Bg8 25. Nc4 Bxc4 26. Qxc4 h5 27. b4 a6 28. a4 Rc8 29. Rb1 h4 30. Qb3 hxg3 31. hxg3 Qe8 32. Rfc1 Rh7 33. b5 cxb5 34. axb5 Bxc5 35. bxa6 Rc6 36. Bxc6 Qxc6 37. Qg8+ 1-0

[Event "Oberpfalz-ch M2"]
[Site "Regensburg"]
[Date "2006.04.08"]
[Round "1"]
[White "Kiener, Norbert"]
[Black "Schmalz, David"]
[Result "0-1"]
[WhiteElo "1622"]
[BlackElo "1773"]
[PlyCount "74"]
[EventDate "2006.04.08"]
[EventType "swiss"]
[EventRounds "8"]
[EventCountry "GER"]
[SourceTitle "EXT 2022"]
[Source "ChessBase"]
[SourceDate "2021.10.06"]
[SourceVersion "1"]
[SourceVersionDate "2021.10.06"]
[SourceQuality "1"]

1. d4 d5 2. Nf3 Bg4 3. Ne5 Bh5 4. g4 Bg6 5. Nxg6 hxg6 6. Bf4 e6 7. e3 Nf6 8. Nd2 Bd6 9. Qf3 c6 10. Bd3 Qc7 11. 0-0-0 Nbd7 12. Bxd6 Qxd6 13. Qg2 e5 14. f3 0-0-0 15. Nb3 Rde8 16. Qg3 Qe6 17. Kb1 e4 18. fxe4 Nxe4 19. Qg2 Nef6 20. g5 Ne4 21. Rde1 Qe7 22. h4 Qd6 23. Rh3 Qe6 24. Reh1 f6 25. gxf6 gxf6 26. Nd2 Nxd2+ 27. Qxd2 f5 28. Qf2 Nf6 29. b3 Ng4 30. Qf4 Nxe3 31. Re1 Ng2 32. Rxe6 Nxf4 33. Rxe8+ Rxe8 34. Rf3 Re1+ 35. Kb2 Nxd3+ 36. Rxd3 Re4 37. Rg3 Rg4 0-1